Principles of electroplating and electroforming: electrotyping

Shranjeno v:
Bibliografske podrobnosti
Main Authors: Blum, William (Author), Hogaboom, George B (Author)
Format: Knjiga
Jezik:angleščina
Izdano: Nueva York McGraw-Hill 1949
Izdaja:3a. ed
Teme:
Oznake: Označite
Brez oznak, prvi označite!

MARC

LEADER 00000nam a2200000 a 4500
001 UCU3511
003 CL-VaPUC
008 960510e19490000US |||||||||||||||||eng|d
082 0 4 |a 541.37  |b BLU  |2 21 
100 0 |a Blum, William  |e author  |9 360480 
700 0 |a Hogaboom, George B  |e author  |9 360481 
245 1 0 |a Principles of electroplating and electroforming: electrotyping 
250 |a 3a. ed 
300 |a 455 p 
942 |c BK 
945 |d 19960510 00:00:00  |a cmena 
260 |a Nueva York  |b McGraw-Hill  |c 1949 
650 0 |a Metales   |9 260686 
650 0 |a Compuestos organometálicos  |9 360482 
650 0 |a Materiales de construcción  |9 260197 
650 0 |a Electrometalurgia  |9 263654 
650 0 |a Electroquímica  |9 263973 
650 0 |a Tecnología química   |9 263002 
583 |a last modification  |c 19960510 00:00:00  |k Rodrigo Vera 
999 |c 247497  |d 247495